000 00374nam a2200181Ia 4500
003 0STCL
008 150530s9999 xx 000 0 und d
040 _aSTCL
_cSTCL
100 _aBalakrishna Pillai, A.
245 _aOmanakal
250 _a1
260 _c1963
300 _a0
546 _aMalayalam
942 _2ddc
_cBK
999 _c73987
_d73987
005 20220125171541.0